El clavileño dos: cuentos infantiles
Saved in:
| Hovedforfatter: | |
|---|---|
| Format: | Bog |
| Sprog: | spansk |
| Udgivet: |
Valparaíso, Chile:
Ediciones Universitarias de Valparaíso,
2013.
|
| Fag: | |
| Tags: |
Tilføj Tag
Ingen Tags, Vær først til at tagge denne postø!
|
MARC
| LEADER | 00000cam a2200000 a 4500 | ||
|---|---|---|---|
| 001 | UCD1173 | ||
| 003 | CL-VaPUC | ||
| 005 | 20240916110010.0 | ||
| 008 | 160114e20130000cl |||||||||||||||||spa|d | ||
| 999 | |c 362587 |d 362585 | ||
| 020 | |a 9789561705432 | ||
| 040 | |c Pontificia Universidad Católica de Valparaíso | ||
| 082 | 0 | 4 | |a Ch863 ROJ 2013 |2 21 |
| 100 | 0 | |a Rojas Camus, Elba |e autora |9 584270 | |
| 245 | 1 | 3 | |a El clavileño dos: cuentos infantiles |
| 260 | |a Valparaíso, Chile: |b Ediciones Universitarias de Valparaíso, |c 2013. | ||
| 300 | |a 87 páginas. | ||
| 583 | |a last modification |c 20160114 01:07:00 |k Rodrigo Vera | ||
| 650 | 0 | |a Cuentos chilenos |9 308280 | |
| 650 | 0 | |a Cuentos infantiles |9 308044 | |
| 650 | 0 | |a Literatura chilena |9 308278 | |
| 942 | |c BK |2 ddc | ||
| 945 | |d 20160114 01:07:00 |a dcastane | ||
| 952 | |0 0 |1 0 |3 erb |4 0 |6 CH_863_000000000000000_ROJ_2013 |7 0 |8 A |9 473894 |a BIBEDU |b BIBEDU |c ES_NOD |i 526166K |o Ch863 ROJ 2013 |p 526166K |r 2023-08-09 |w 2019-11-24 |y BK |z Catalogado en:20160114 |k LIT | ||
| 952 | |0 0 |1 0 |3 erb |4 0 |6 CH_863_000000000000000_ROJ_2013 |7 0 |8 A |9 473895 |a BIBEDU |b BIBEDU |c ES_NOD |i 5261651 |l 1 |o Ch863 ROJ 2013 |p 5261651 |r 2023-08-09 |s 2022-11-18 |w 2019-11-24 |y BK |z Catalogado en:20160114 |k LIT | ||
| 952 | |0 0 |1 0 |2 ddc |4 0 |6 CH_863_000000000000000_ROJ_2013 |7 0 |8 A |9 596778 |a BIBGIM |b BIBGIM |d 2024-09-16 |i 5662727 |o Ch863 ROJ 2013 |p 5662727 |r 2025-01-15 |t 3 |w 2024-09-16 |y BK |k ELE | ||